<?xml version="1.0" encoding="UTF-8"?>
<collection xmlns="http://www.loc.gov/MARC21/slim">
  <record>
    <leader>00000nam  2200000   4500</leader>
    <controlfield tag="001">INLIS000000000015266</controlfield>
    <controlfield tag="005">20221213095402</controlfield>
    <datafield tag="035" ind1="#" ind2="#">
      <subfield code="a">0010-1222000094</subfield>
    </datafield>
    <controlfield tag="007">ta</controlfield>
    <controlfield tag="008">221213################e##########0#eng##</controlfield>
    <datafield tag="020" ind1="#" ind2="#">
      <subfield code="a">9781119522188</subfield>
    </datafield>
    <datafield tag="082" ind1="#" ind2="#">
      <subfield code="a">302.2</subfield>
    </datafield>
    <datafield tag="084" ind1="#" ind2="#">
      <subfield code="a">302.2 MCP g</subfield>
    </datafield>
    <datafield tag="100" ind1="1" ind2="#">
      <subfield code="a">McPhail Thomas L</subfield>
    </datafield>
    <datafield tag="245" ind1="1" ind2="#">
      <subfield code="a">Global Communication :</subfield>
      <subfield code="b">Theories, Stakeholders, and Trends /</subfield>
      <subfield code="c">Thomas L.McPhail</subfield>
    </datafield>
    <datafield tag="250" ind1="#" ind2="#">
      <subfield code="a">1</subfield>
    </datafield>
    <datafield tag="260" ind1="#" ind2="#">
      <subfield code="a">USA :</subfield>
      <subfield code="b">Wiley Blackwell,</subfield>
      <subfield code="c">2020</subfield>
    </datafield>
    <datafield tag="300" ind1="#" ind2="#">
      <subfield code="a">311 ;</subfield>
      <subfield code="c">25x181,5</subfield>
    </datafield>
    <datafield tag="650" ind1="#" ind2="4">
      <subfield code="a">Komunikasi</subfield>
    </datafield>
    <datafield tag="856" ind1="#" ind2="#">
      <subfield code="a">Perpustakaan LAN Pusat</subfield>
    </datafield>
    <datafield tag="990" ind1="#" ind2="#">
      <subfield code="a">221119802</subfield>
    </datafield>
  </record>
</collection>
